| 000 | 01541nam a2200385 a 4500 | ||
|---|---|---|---|
| 001 | ebr10001772 | ||
| 003 | CaPaEBR | ||
| 006 | m u | ||
| 007 | cr cn||||||||| | ||
| 008 | 990621s1999 nyua sb 001 0 eng | ||
| 010 | _z 99037635 | ||
| 020 | _z0801435633 | ||
| 020 | _z080148555X (pbk.) | ||
| 040 |
_aCaPaEBR _cCaPaEBR |
||
| 035 | _a(OCoLC)70764540 | ||
| 050 | 1 | 4 |
_aPR111 _b.L66 1999eb |
| 082 | 0 | 4 |
_a820.9/9287 _221 |
| 100 | 1 | _aLondon, Bette Lynn. | |
| 245 | 1 | 0 |
_aWriting double _h[electronic resource] : _bwomen's literary partnerships / _cBette London. |
| 260 |
_aIthaca : _bCornell University Press, _c1999. |
||
| 300 |
_axii, 234 p. : _bill. |
||
| 490 | 1 | _aReading women writing | |
| 504 | _aIncludes bibliographical references and index. | ||
| 533 |
_aElectronic reproduction. _bPalo Alto, Calif. : _cebrary, _d2013. _nAvailable via World Wide Web. _nAccess may be limited to ebrary affiliated libraries. |
||
| 650 | 0 |
_aEnglish literature _xWomen authors _xHistory and criticism. |
|
| 650 | 0 |
_aWomen and literature _zGreat Britain _xHistory _y19th century. |
|
| 650 | 0 |
_aWomen and literature _zGreat Britain _xHistory _y20th century. |
|
| 650 | 0 |
_aAuthorship _xCollaboration _xHistory. |
|
| 650 | 0 |
_aSpirit writings _xAuthorship. |
|
| 650 | 0 |
_aWomen mediums _vBiography. |
|
| 655 | 7 |
_aElectronic books. _2local |
|
| 710 | 2 | _aebrary, Inc. | |
| 830 | 0 | _aReading women writing. | |
| 856 | 4 | 0 |
_uhttp://site.ebrary.com/lib/rucke/Doc?id=10001772 _zAn electronic book accessible through the World Wide Web; click to view |
| 999 |
_c4770 _d4770 |
||